000 01174nam0a22003011 4500
001 RU\NLR\A1SV\104035
005 20251203171251.9
035 _a(NLR Aleph) 009785388
090 _a10113227
_c10113227
100 _a20100528d1925 u y0rusy50 ca
101 0 _arus
102 _aRU
200 1 _aСоветская Белоруссия
_fСост. Лидия Поляк
_gВсерос. чрезв. комис. по ликвидации неграмотности при Главполитпросвете
210 _aМ.
_cДолой неграмотность
_d1925
215 _a78 с.
_cил., портр., карт., диагр.
_d22 см
225 _aБ-чка "Долой неграмотность"
_fПод общ. ред. А.С.Курской
620 _dМосква
700 1 _aПоляк
_bЛ. М.
_f1899-1992
_gЛидия Моисеевна
_3RU\NLR\AUTH\770274077
_4070
702 1 _aКурская
_bА. С.
_f1882-1964
_gАнна Сергеевна
801 0 _aRU
_bNLR
_c20100528
852 _aNLR
_j38/1037
852 _aNLR
_j38/1037а
899 _aРГБ
899 _aКирОУНБ
942 _cBOOK
980 _aNB
980 _aA1SV